El escritor y el comisario
Saved in:
| Hovedforfatter: | |
|---|---|
| Format: | Bog |
| Sprog: | spansk |
| Udgivet: |
Santiago
Del Pacífico
1961
|
| Fag: | |
| Tags: |
Tilføj Tag
Ingen Tags, Vær først til at tagge denne postø!
|
MARC
| LEADER | 00000nam a2200000 a 4500 | ||
|---|---|---|---|
| 001 | UCQ6940 | ||
| 003 | CL-VaPUC | ||
| 008 | 981023e19610000CL |||||||||||||||||spa|d | ||
| 082 | 0 | 4 | |a 894.511 |b PAL |2 21 |
| 100 | |a Paloczi-Horvath, George |e autor |9 420854 | ||
| 245 | 1 | 3 | |a El escritor y el comisario |
| 300 | |a 168 p | ||
| 942 | |c BK | ||
| 945 | |d 19981023 00:00:00 |a crobeson | ||
| 260 | |a Santiago |b Del Pacífico |c 1961 | ||
| 650 | 7 | |a ENSAYOS HUNGAROS |2 CL-VaPUC |9 420855 | |
| 650 | 0 | |a Literatura húngara |9 350022 | |
| 583 | |a last modification |c 19981023 00:00:00 |k Rodrigo Vera | ||
| 999 | |c 276835 |d 276833 | ||
| 952 | |0 0 |1 0 |4 0 |6 894_511000000000000_PAL_1961 |7 0 |8 A |9 314322 |a BIBEDU |b BIBEDU |d 2019-11-20 |i 1486551 |o 894.511 PAL 1961 |p 1486551 |r 2019-11-20 |w 2019-11-20 |y BK |k LIT | ||